000 00930nam a22002177a 4500
999 _c2916
_d2916
003 AR-CdUCM
008 190305b ||||| |||| 00| 0 spa d
020 _a9972-699-09-9
040 _aMUNICIPALIDAD PROVINCIAL DEL CUSCO
_cBIBLIOTECA MUNICIPAL DEL CUSCO
082 _a985.012 /
_bS17
100 _aSakai, Masato
_910021
245 _aReyes, estrellas y cerros en Chimor :
_bel proceso de cambio de la organización espacial y temporal en Chan Chan /
260 _aPerú :
_bHorizonte,
_c1998.
300 _a139 páginas ;
_bFiguras
_c23.5 cm.
505 _aContenido: Evaluaciones previas de las unidades arqietectónicas del complejo de Chan Chan -- Etnohistoria, etnografía y disposición en Chan Chan -- Los reyes de Chimor y la organización espacial en Chan Chan ..
650 _aArqueología del Perú
_910022
650 _aMitos peruanos
_910023
650 _aCosta peruana
_9240
942 _2ddc
_cLIBROS
945 _aafb